00445nam a2200169Ia 4500003000400000008004100004040001600045082002100061100002300082245005300105260004500158300000900203650001500212650001300227650001200240650002300252GCL140319s9999 xx 000 0 eng d aGCL / cGCL04aCHb823.087bM W1 aMONCURE, JANE BELK10aWHAT CAN YOU PLAY TODAY ? / cMONCURE, JANE BELK a[S.N] : bTHE CHILD WORLD, INC ، c1991 a29 P04aLITERATURE04aCHILDREN04aFICTION04aCHILDREN - FICTION